| 000 | 00574cam a2200217 a 4500 | ||
|---|---|---|---|
| 001 | 20874 | ||
| 003 | BD-RjUL | ||
| 005 | 20211209000625.0 | ||
| 008 | 140302s19571950enk 000 0 eng d | ||
| 035 | _a(BD-RjUL) 20936 | ||
| 040 |
_aDLC _cDLC _dBD-RjUL _beng |
||
| 041 | _aeng | ||
| 082 | 0 | 0 |
_a821.9 _bBRP 1957 |
| 100 | 1 |
_aBrittain, Robert _964466 |
|
| 245 | 1 | 0 | _aPunctuation / |
| 260 |
_aNew York : _bBarnes and Noble, _c1957. |
||
| 300 |
_a89 p. : _bill. ; _c21 cm. |
||
| 650 | 0 |
_aEnglish language _xPunctuation. _964467 |
|
| 942 |
_2ddc _cBK |
||
| 999 |
_c20874 _d20874 |
||